La Conmemoración de San Jorge en el palacio provincial : la medalla de oro de la provincia al ministro de la gobernación : el conde de Arruga y Amigos de los Museos galardonados con las de plata y bronce la medalla de oro de la provincia al ministro de la gobernación :
Descripción Física:
Il·lustracions
Colección:
San Jorge,
; núm. 2 (abril 1951), pàg. 25-27
Materias:
Arruga, H. -- (Hermenegild), -- 1886-1972 -- Medalles
; Pérez González, Blas, -- 1898-1978 -- Medalles
; Amigos de los Museos (Barcelona, Catalunya) -- Medalles
; Medalla d'Or de la Provincia de Barcelona
; Medalla de plata de la Província de Barcelona
; Medalla de bronze de la Província de Barcelona
Idioma:
Español
MARC
| LEADER | 00000naa a2200000 a 4500 | ||
|---|---|---|---|
| 003 | Arxiu | ||
| 005 | 20260324181035.0 | ||
| 008 | 160829s1951 spcaxx s spa c | ||
| 040 | |a agdb | ||
| 245 | 0 | 3 | |a La Conmemoración de San Jorge en el palacio provincial : |b la medalla de oro de la provincia al ministro de la gobernación : |b el conde de Arruga y Amigos de los Museos galardonados con las de plata y bronce |
| 300 | |b Il·lustracions | ||
| 490 | |a San Jorge, |v núm. 2 (abril 1951), pàg. 25-27 | ||
| 600 | 1 | 0 | |a Arruga, H. |q (Hermenegild), |d 1886-1972 |x Medalles |9 54541 |
| 600 | 1 | 0 | |a Pérez González, Blas, |d 1898-1978 |x Medalles |9 54540 |
| 610 | 2 | 0 | |a Amigos de los Museos (Barcelona, Catalunya) |x Medalles |9 54543 |
| 650 | 0 | |a Medalla d'Or de la Provincia de Barcelona |9 30314 | |
| 650 | |a Medalla de plata de la Província de Barcelona |9 33786 | ||
| 650 | |a Medalla de bronze de la Província de Barcelona |9 31262 | ||
| 773 | |t San Jorge. |g Núm. 2 (abril 1951), pàg. 25-27 | ||
| 901 | |a Arxiu | ||
| 942 | |n 1 |2 udc |c ART | ||
| 952 | |0 0 |1 0 |4 0 |7 1 |9 64522 |a Arxiu |b Arxiu |d 2022-11-30 |o Rev-508 |r 2022-11-30 00:00:00 |w 2022-11-30 |y ARXIU |z També disponible a Rev-521 | ||
| 999 | |c 48185 |d 48185 | ||